[Event "Muensterland Verbandsklasse 1920"]
[Site "Germany"]
[Date "2019.09.14"]
[Round "1.6"]
[White "Hokamp, Sascha"]
[Black "Engfer, Klaus"]
[Result "1-0"]
[WhiteElo "1855"]
[BlackElo "1570"]
[PlyCount "59"]
[EventDate "2019.09.14"]
[EventType "team-tourn"]
[EventRounds "7"]
[EventCountry "GER"]
[SourceTitle "EXT 2023"]
[Source "ChessBase"]
[SourceDate "2022.10.05"]
[SourceVersion "1"]
[SourceVersionDate "2022.10.05"]
[SourceQuality "1"]
[WhiteTeam "Reckenfeld"]
[BlackTeam "Rheine Klein Berlin II"]
[WhiteTeamCountry "GER"]
[BlackTeamCountry "GER"]

1. d4 d5 2. Nf3 e6 3. g3 Nf6 4. Bg2 Be7 5. 0-0 0-0 6. c4 c5 7. cxd5 Nxd5 8. Nc3 Nxc3 9. bxc3 cxd4 10. cxd4 Nc6 11. e4 Bb4 12. Be3 Ba5 13. Qb3 Bb6 14. Rfd1 Na5 15. Qc2 Bd7 16. e5 Rc8 17. Qe4 Bc6 18. Qg4 f5 19. exf6 Qxf6 20. Ne5 Qf5 21. Qxf5 exf5 22. d5 Be8 23. Bxb6 axb6 24. Rac1 Ba4 25. Re1 Rfe8 26. f4 b5 27. d6 Red8 28. Bd5+ Kf8 29. Rxc8 Rxc8 30. Nd7# 1-0

[Event "Muensterland Verbandsklasse 1819"]
[Site "Germany"]
[Date "2019.03.09"]
[Round "7.7"]
[White "Roos, Wilfried"]
[Black "Engfer, Klaus"]
[Result "1/2-1/2"]
[WhiteElo "1695"]
[BlackElo "1581"]
[PlyCount "138"]
[EventDate "2018.09.15"]
[EventType "team-tourn"]
[EventRounds "9"]
[EventCountry "GER"]
[SourceTitle "EXT 2020"]
[Source "ChessBase"]
[SourceDate "2019.10.17"]
[SourceVersion "1"]
[SourceVersionDate "2019.10.17"]
[SourceQuality "1"]
[WhiteTeam "Saerbeck"]
[BlackTeam "Rheine Klein Berlin II"]
[WhiteTeamCountry "GER"]
[BlackTeamCountry "GER"]

1. d4 d5 2. c4 e6 3. Nc3 Nf6 4. Bg5 Be7 5. Nf3 h6 6. Bh4 0-0 7. e3 Nc6 8. Rc1 a6 9. cxd5 exd5 10. Bd3 Rb8 11. 0-0 Bg4 12. Bb1 Re8 13. a3 Na7 14. Bxf6 Bxf6 15. Na4 c6 16. Nc5 Be7 17. Qc2 g6 18. Rfe1 Bxc5 19. Qxc5 Nc8 20. Ne5 Be6 21. e4 Kg7 22. Re3 Ne7 23. Rg3 dxe4 24. Bxe4 Bd5 25. Qc2 Bxe4 26. Qxe4 Qd5 27. Qxd5 Nxd5 28. h4 Rbd8 29. h5 Nf4 30. Re3 Rxd4 31. hxg6 f6 32. Nf3 Rde4 33. Rxe4 Rxe4 34. Rd1 Nd5 35. g3 Kxg6 36. Nh4+ Kg5 37. Kg2 Re2 38. Nf3+ Kg4 39. Rd4+ Kh5 40. Rh4+ Kg6 41. Rg4+ Kh7 42. Kf1 Rxb2 43. Nd4 h5 44. Rh4 Kg6 45. g4 hxg4 46. Rxg4+ Kf7 47. Nf5 Ke6 48. Nd4+ Kd6 49. Nf5+ Kc5 50. Rg3 a5 51. Ng7 b5 52. Ne6+ Kb6 53. Ke1 a4 54. Nd4 c5 55. Nf5 c4 56. Nd4 c3 57. Ne2 Rb3 58. Kd1 Rxa3 59. Nd4 b4 60. Nc2 Ra2 61. Rd3 Kc5 62. Rxd5+ Kxd5 63. Nxb4+ Kc4 64. Nxa2 Kb3 65. Nc1+ Kb2 66. f3 a3 67. f4 Kb1 68. Ne2 Kb2 69. Nc1 Kb1 1/2-1/2

[Event "Muensterland Verbandsklasse 1617"]
[Site "Germany"]
[Date "2017.02.11"]
[Round "6.8"]
[White "Michalek, Mathias"]
[Black "Engfer, Klaus"]
[Result "0-1"]
[WhiteElo "1564"]
[BlackElo "1554"]
[PlyCount "72"]
[EventDate "2016.09.24"]
[EventType "team"]
[EventRounds "9"]
[EventCountry "GER"]
[SourceTitle "EXT 2018"]
[Source "ChessBase"]
[SourceDate "2017.10.13"]
[SourceVersion "1"]
[SourceVersionDate "2017.10.13"]
[SourceQuality "1"]
[WhiteTeam "Sendenhorst"]
[BlackTeam "Rheine Klein Berlin II"]
[WhiteTeamCountry "GER"]
[BlackTeamCountry "GER"]

1. d4 d5 2. e4 dxe4 3. Nc3 Nf6 4. f3 exf3 5. Nxf3 e6 6. Bd3 Nc6 7. Be3 Bb4 8. 0-0 0-0 9. Ne4 Nd5 10. Qe2 Nxe3 11. Qxe3 Be7 12. c3 f5 13. Neg5 Bxg5 14. Nxg5 Qd6 15. Rf4 h6 16. Nh3 Bd7 17. Rh4 Qe7 18. Qg3 Qf6 19. Rf1 Rac8 20. Rh5 Be8 21. Rh4 g5 22. d5 Ne5 23. Bb1 Qg7 24. Rd4 f4 25. Qe1 exd5 26. Rxd5 Nc4 27. Rf2 Ne3 28. Rdd2 Bc6 29. g4 Rce8 30. Qe2 Bd7 31. Qd3 Bxg4 32. Nxg5 hxg5 33. Rg2 Nxg2 34. Rxg2 Be6 35. Kf2 Rd8 36. Rxg5 Rxd3 0-1

[Event "Muensterland Verbandsklasse 1617"]
[Site "Germany"]
[Date "2017.01.21"]
[Round "5.8"]
[White "Engfer, Klaus"]
[Black "Redemann, Rolf"]
[Result "1/2-1/2"]
[WhiteElo "1554"]
[BlackElo "1510"]
[PlyCount "84"]
[EventDate "2016.09.24"]
[EventType "team"]
[EventRounds "9"]
[EventCountry "GER"]
[SourceTitle "EXT 2018"]
[Source "ChessBase"]
[SourceDate "2017.10.13"]
[SourceVersion "1"]
[SourceVersionDate "2017.10.13"]
[SourceQuality "1"]
[WhiteTeam "Rheine Klein Berlin II"]
[BlackTeam "Muenster SK V"]
[WhiteTeamCountry "GER"]
[BlackTeamCountry "GER"]

1. e4 e5 2. Bc4 Nf6 3. d3 c6 4. Nf3 d6 5. h3 Be7 6. 0-0 0-0 7. a4 h6 8. Nc3 Be6 9. Bxe6 fxe6 10. Re1 Nbd7 11. Be3 a6 12. d4 Qc7 13. d5 exd5 14. exd5 c5 15. Qd3 Kh8 16. Nh4 Rf7 17. Qg6 Raf8 18. Nf5 Ng8 19. Nxe7 Rxe7 20. Rad1 Ndf6 21. Ne2 Ref7 22. c4 Ne7 23. Qc2 Qd7 24. Ng3 Nfg8 25. b3 Nf5 26. Nxf5 Qxf5 27. Qxf5 Rxf5 28. f3 Ne7 29. Bf2 Ng6 30. Bg3 Rg5 31. Kh2 Nf4 32. Bxf4 Rxf4 33. Re4 Rgf5 34. Rde1 Kg8 35. g4 Rf7 36. Rxf4 Rxf4 37. Kg3 g5 38. Re4 Rf6 39. Re3 Kf7 40. h4 Rf4 41. hxg5 hxg5 42. Rd3 Kg6 1/2-1/2

[Event "Steinfurt Bezirksklasse 1415"]
[Site "Germany"]
[Date "2014.10.25"]
[Round "2.1"]
[White "Lagemann, Stefan"]
[Black "Engfer, Klaus"]
[Result "1-0"]
[WhiteElo "1967"]
[BlackElo "1540"]
[PlyCount "75"]
[EventDate "2014.09.20"]
[EventType "team-tourn"]
[EventRounds "9"]
[EventCountry "GER"]
[SourceTitle "EXT 2016"]
[Source "ChessBase"]
[SourceDate "2015.10.08"]
[SourceVersion "1"]
[SourceVersionDate "2015.10.08"]
[SourceQuality "1"]
[WhiteTeam "Westerkappeln"]
[BlackTeam "Rheine"]
[WhiteTeamCountry "GER"]
[BlackTeamCountry "GER"]

1. c4 e5 2. Nc3 Nf6 3. Nf3 d6 4. d4 exd4 5. Nxd4 Be7 6. e4 0-0 7. Be2 c5 8. Nc2 Nc6 9. 0-0 h6 10. Be3 Be6 11. b3 a6 12. Qd2 Qc7 13. f4 Bg4 14. Bd3 Rfe8 15. f5 Ne5 16. h3 Bh5 17. g4 Nxd3 18. Qxd3 d5 19. Bf4 Bd6 20. Nxd5 Nxd5 21. Bxd6 Qxd6 22. exd5 Re5 23. Rae1 Rae8 24. Rxe5 Rxe5 25. Re1 Rxe1+ 26. Nxe1 Qe5 27. Ng2 Qa1+ 28. Kh2 Qxa2 29. gxh5 Qa5 30. Qg3 Qb6 31. Nh4 Qd8 32. d6 Qd7 33. Qe5 Kf8 34. Ng2 b6 35. Nf4 Qe8 36. Qd5 Qd8 37. Qc6 Qb8 38. Qc7 1-0

[Event "Steinfurt Bezirksklasse 1213"]
[Site "Germany"]
[Date "2013.01.19"]
[Round "4.2"]
[White "Engfer, Klaus"]
[Black "Menz, Robert"]
[Result "1-0"]
[WhiteElo "1569"]
[BlackElo "1586"]
[PlyCount "88"]
[EventDate "2012.09.29"]
[EventType "team-tourn"]
[EventRounds "9"]
[EventCountry "GER"]
[SourceTitle "EXT 2015"]
[Source "ChessBase"]
[SourceDate "2014.11.20"]
[SourceVersion "1"]
[SourceVersionDate "2014.11.20"]
[SourceQuality "1"]
[WhiteTeam "Rheine CC"]
[BlackTeam "Saerbeck III"]
[WhiteTeamCountry "GER"]
[BlackTeamCountry "GER"]

1. e4 e5 2. Nf3 Nf6 3. d3 d5 4. exd5 Nxd5 5. c4 Bb4+ 6. Bd2 Bxd2+ 7. Qxd2 Nf6 8. Nxe5 0-0 9. Nf3 Re8+ 10. Be2 Qe7 11. Nc3 Bf5 12. Nd4 Bg6 13. 0-0-0 Qd7 14. Nc2 a5 15. Bf3 Nc6 16. Rhe1 Rad8 17. Ne4 Nxe4 18. Bxe4 Nb4 19. a3 Nxd3+ 20. Qxd3 Qxd3 21. Bxd3 Bxd3 22. Ne3 c6 23. Rd2 Bg6 24. Red1 Rxd2 25. Rxd2 Kf8 26. Rd7 Rb8 27. c5 Ke8 28. Rd6 Ra8 29. Nc4 a4 30. Kd2 Bb1 31. Kc3 Ba2 32. Rd4 Bxc4 33. Rxc4 f5 34. Rb4 Ra7 35. Kd4 Kf7 36. Ke5 Kg6 37. g3 Ra5 38. Kd6 Ra7 39. Rb6 Kf6 40. Kc7 Ra5 41. Kxb7 Rxc5 42. Rxc6+ Rxc6 43. Kxc6 Ke5 44. Kb5 g5 1-0

[Event "Steinfurt Bezirksliga 0506"]
[Site "Germany"]
[Date "2006.03.09"]
[Round "7.3"]
[White "Lachmuth, Mathias"]
[Black "Engfer, Klaus"]
[Result "1/2-1/2"]
[WhiteElo "1704"]
[BlackElo "1633"]
[PlyCount "91"]
[EventDate "2005.09.24"]
[EventType "team-tourn"]
[EventRounds "9"]
[EventCountry "GER"]
[SourceTitle "EXT 2006"]
[Source "ChessBase"]
[SourceDate "2005.11.24"]
[SourceVersion "1"]
[SourceVersionDate "2005.11.24"]
[SourceQuality "1"]
[WhiteTeam "Emsdetten Rochade II"]
[BlackTeam "Rheine"]
[WhiteTeamCountry "GER"]
[BlackTeamCountry "GER"]

1. Nf3 Nc6 2. b3 e5 3. e3 Nf6 4. Bb5 e4 5. Bxc6 dxc6 6. Nd4 Bg4 7. Ne2 Bd6 8. Bb2 Qe7 9. d4 exd3 10. cxd3 0-0-0 11. Nd2 Bb4 12. a3 Bxd2+ 13. Qxd2 Ne4 14. Qa5 Nc5 15. Nc1 Kb8 16. d4 f5 17. 0-0 Ne6 18. f3 Rd5 19. Qe1 Bh5 20. Nd3 Rg8 21. Qf2 g5 22. e4 fxe4 23. fxe4 Rdd8 24. d5 Nf4 25. Nxf4 gxf4 26. Qxf4 Qc5+ 27. Qf2 Qxf2+ 28. Rxf2 cxd5 29. exd5 Rxd5 30. Raf1 Rgd8 31. h3 b6 32. Rc1 Rd2 33. Be5 Rd1+ 34. Rf1 Rxc1 35. Rxc1 Rd1+ 36. Rxd1 Bxd1 37. b4 Kb7 38. Kf2 c6 39. Ke1 Bh5 40. g4 Bg6 41. Kd2 a5 42. bxa5 bxa5 43. Kc3 Kb6 44. Kb3 Bf7+ 45. Kc3 h5 46. g5 1/2-1/2